Linkin Park songs - Statistics

General Stats
  • This quiz has been taken 26 times
  • The average score is 68 of 192
Answer Stats
Album Song % Correct
Hybrid Theory (2000) In the End
100%
Hybrid Theory (2000) Crawling
89%
Hybrid Theory (2000) One Step Closer
89%
Hybrid Theory (2000) Papercut
89%
Hybrid Theory (2000) Runaway
89%
Meteora (2003) Faint
83%
Meteora (2003) Numb
83%
Minutes to Midnight (Deluxe Edition 2007) Bleed It Out
78%
Hybrid Theory (2000) Forgotten
78%
One More Light (2017) Heavy
78%
Hybrid Theory (2000) Pushing Me Away
78%
Hybrid Theory (2000) With You
78%
Meteora (2003) Breaking the Habit
72%
Hybrid Theory (2000) By Myself
72%
Hybrid Theory (2000) Cure for the Itch
72%
Meteora (2003) From the Inside
72%
Meteora 20th Anniversary Edition (2023) Lost
72%
One More Light (2017) One More Light
72%
Hybrid Theory (2000) A Place for My Head
67%
LIVING THINGS (2012) BURN IT DOWN
67%
Meteora (2003) Don't Stay
67%
The Hunting Party (2014) Final Masquerade
67%
Meteora (2003) Foreword
67%
Minutes to Midnight (Deluxe Edition 2007) Given Up
67%
Hybrid Theory (2000) | Hybrid Theory EP (2020) High Voltage
67%
Meteora (2003) Hit the Floor
67%
Meteora (2003) Lying from You
67%
Hybrid Theory (2000) My December
67%
Hybrid Theory (2000) Points of Authority
67%
Meteora (2003) Somewhere I Belong
67%
One More Light (2017) Battle Symphony
61%
Meteora (2003) Figure.09
61%
Minutes to Midnight (Deluxe Edition 2007) Leave Out All The Rest
61%
LIVING THINGS (2012) POWERLESS
61%
A Thousand Suns (2010) Robot Boy
61%
Meteora (2003) Session
61%
Minutes to Midnight (Deluxe Edition 2007) Valentine's Day
61%
A Thousand Suns (2010) Waiting for the End
61%
A Thousand Suns (2010) Blackout
56%
A Thousand Suns (2010) Burning in the Skies
56%
Meteora (2003) Easier to Run
56%
One More Light (2017) Good Goodbye
56%
LIVING THINGS (2012) IN MY REMAINS
56%
Minutes to Midnight (Deluxe Edition 2007) In Pieces
56%
A Thousand Suns (2010) Iridescent
56%
LIVING THINGS (2012) LOST IN THE ECHO
56%
Meteora 20th Anniversary Edition (2023) More the Victim
56%
The Hunting Party (2014) Rebellion
56%
Minutes to Midnight (Deluxe Edition 2007) Shadow of the Day
56%
One More Light (2017) Talking to Myself
56%
A Thousand Suns (2010) The Catalyst
56%
LIVING THINGS (2012) VICTIMISED
56%
The Hunting Party (2014) War
56%
Minutes to Midnight (Deluxe Edition 2007) What I've Done
56%
The Hunting Party (2014) A Line in the Sand
50%
LIVING THINGS (2012) CASTLE OF GLASS
50%
Meteora 20th Anniversary Edition (2023) Fighting Myself
50%
The Hunting Party (2014) Guilty All the Same
50%
From Zero (Deluxe Edition 2025) Heavy Is the Crown
50%
Meteora (2003) Nobody's Listening
50%
One More Light (2017) Sharp Edges
50%
From Zero (Deluxe Edition 2025) The Emptiness Machine
50%
Minutes to Midnight (Deluxe Edition 2007) The Little Things Give You Away
50%
A Thousand Suns (2010) The Requiem
50%
The Hunting Party (2014) Until It's Gone
50%
RECHARGED (2013) A LIGHT THAT NEVER COMES
44%
LIVING THINGS (2012) I'LL BE GONE
44%
One More Light (2017) Invisible
44%
The Hunting Party (2014) Keys to the Kingdom
44%
One More Light (2017) Nobody Can Save Me
44%
Minutes to Midnight (Deluxe Edition 2007) No More Sorrow
44%
LIVING THINGS (2012) ROADS UNTRAVELED
44%
A Thousand Suns (2010) The Radiance
44%
LIVING THINGS (2012) TINFOIL
44%
From Zero (Deluxe Edition 2025) Two Faced
44%
From Zero (Deluxe Edition 2025) Up From The Bottom
44%
A Thousand Suns (2010) When They Come for Me
44%
A Thousand Suns (2010) Wretches and Kings
44%
Minutes to Midnight (Deluxe Edition 2007) Across the Line
39%
The Hunting Party (2014) All for Nothing
39%
From Zero (Deluxe Edition 2025) Cut the Bridge
39%
Minutes to Midnight (Deluxe Edition 2007) Hands Held High
39%
Minutes to Midnight (Deluxe Edition 2007) In Between
39%
A Thousand Suns (2010) Jornada Del Muerto
39%
From Zero (Deluxe Edition 2025) Let You Fade
39%
LIVING THINGS (2012) LIES GREED MISERY
39%
Reanimation (2002) Opening
39%
One More Light (2017) Sorry for Now
39%
From Zero (Deluxe Edition 2025) Stained
39%
A Thousand Suns (2010) The Messenger
39%
LIVING THINGS (2012) UNTIL IT BREAKS
39%
Minutes to Midnight (Deluxe Edition 2007) Wake
39%
The Hunting Party (2014) Wastelands
39%
Hybrid Theory EP (2020) And One
33%
From Zero (Deluxe Edition 2025) Casualty
33%
A Thousand Suns (2010) Empty Spaces
33%
Reanimation (2002) Enth E Nd
33%
One More Light (2017) Halfway Right
33%
Meteora 20th Anniversary Edition (2023) Healing Foot
33%
Reanimation (2002) Krwlng
33%
The Hunting Party (2014) Mark the Graves
33%
Meteora 20th Anniversary Edition (2023) Massive
33%
From Zero (Deluxe Edition 2025) Over Each Other
33%
From Zero (Deluxe Edition 2025) Overflow
33%
Reanimation (2002) Pts.Of.Athrty
33%
Meteora 20th Anniversary Edition (2023) Resolution
33%
LIVING THINGS (2012) SKIN TO BONE
33%
Hybrid Theory EP (2020) Step Up
33%
Reanimation (2002) Wth>You
33%
Reanimation (2002) 1Stp Klosr
28%
The Hunting Party (2014) Drawbar
28%
Reanimation (2002) Frgt/10
28%
From Zero (Deluxe Edition 2025) Good Things Go
28%
From Zero (Deluxe Edition 2025) IGYEIH
28%
Minutes to Midnight (Deluxe Edition 2007) No Roads Left
28%
Hybrid Theory EP (2020) Part of Me
28%
Reanimation (2002) Ppr:kut
28%
Reanimation (2002) Rnw@y
28%
Hybrid Theory 20th Anniversary Edition (2020) She Couldn't
28%
From Zero (Deluxe Edition 2025) Unshatter
28%
Meteora 20th Anniversary Edition (2023) Wesside
28%
A Thousand Suns (2010) Wisdom, Justice and Love
28%
Reanimation (2002) By_Myslf
22%
Hybrid Theory EP (2020) Carousel
22%
A Thousand Suns (2010) Fallout
22%
From Zero (Deluxe Edition 2025) From Zero (Intro)
22%
Reanimation (2002) H! Vltg3
22%
Reanimation (2002) Kyur4 Th Ich
22%
Reanimation (2002) My<dsmbr
22%
Reanimation (2002) Ntr/mssion
22%
Reanimation (2002) P5hng Me A*wy
22%
Reanimation (2002) Plc.4 Mie Hæd
22%
The Hunting Party (2014) The Summoning
22%
Meteora 20th Anniversary Edition (2023) A.06
17%
Meteora 20th Anniversary Edition (2023) A6 - Meteora|20 Demo
17%
Reanimation (2002) [Chali]
17%
Reanimation (2002) [Riff Raff]
17%
Reanimation (2002) [Stef]
17%
Reanimation (2002) X-Ecutioner Style
17%
Hybrid Theory 20th Anniversary Edition (2020) Could Have Been
11%
LPU Rarities (2020) Dedicated (1999 Demo)
11%
Meteora 20th Anniversary Edition (2023) Husky - Hit The Floor Demo
11%
Hybrid Theory 20th Anniversary Edition (2020) Pictureboard
11%
Meteora 20th Anniversary Edition (2023) Shifter - From The Inside Demo
11%
Meteora 20th Anniversary Edition (2023) Standing in the Middle
11%
Hybrid Theory EP (2020) Technique
11%
LPU Rarities (2020) Blue (1998 Unreleased Hybrid Theory Demo)
6%
Hybrid Theory 20th Anniversary Edition (2020) Carousel - Demo
6%
Hybrid Theory 20th Anniversary Edition (2020) Crawling - Demo
6%
Meteora 20th Anniversary Edition (2023) Cuidado - Lying From You Demo
6%
Hybrid Theory 20th Anniversary Edition (2020) Dialate - Xero Demo
6%
Hybrid Theory 20th Anniversary Edition (2020) Esaul - Xero Demo
6%
Meteora 20th Anniversary Edition (2023) Faint - Demo 2002
6%
Meteora 20th Anniversary Edition (2023) Faint - Meteora|20 Demo
6%
LPU Rarities (2020) Forgotten (Demo)
6%
Meteora 20th Anniversary Edition (2023) Interrogation - Easier To Run Demo
6%
LPU Rarities (2020) In the End (Demo)
6%
Meteora 20th Anniversary Edition (2023) Plaster 2 - Figure.09 Demo
6%
LPU Rarities (2020) Points of Authority (Demo)
6%
Hybrid Theory 20th Anniversary Edition (2020) Points of Authority - Demo
6%
Hybrid Theory 20th Anniversary Edition (2020) Reading My Eyes - Xero Demo
6%
Hybrid Theory 20th Anniversary Edition (2020) Rhinestone - Xero Demo
6%
LPU Rarities (2020) So Far Away (Unreleased 1998)
6%
Meteora 20th Anniversary Edition (2023) Sold My Soul to Yo Mama
6%
Hybrid Theory 20th Anniversary Edition (2020) Stick N Move - Demo
6%
Hybrid Theory 20th Anniversary Edition (2020) SuperXero - By Myself Demo
6%
Meteora 20th Anniversary Edition (2023) A-Six - Original Long Version
0%
Meteora 20th Anniversary Edition (2023) Attached - 2003 Demo
0%
Meteora 20th Anniversary Edition (2023) Breaking the Habit - Original Mike 2002 Demo
0%
Meteora 20th Anniversary Edition (2023) Broken Foot - Meteora Demo
0%
LPU Rarities (2020) Chair (1999 "Part of Me" Demo)
0%
LPU Rarities (2020) Coal (Unreleased Demo 1997)
0%
Meteora 20th Anniversary Edition (2023) Cumulus - 2002 Demo
0%
Meteora 20th Anniversary Edition (2023) Drawing - Breaking The Habit Demo 2002
0%
LPU Rarities (2020) Esaul ("A Place for My Head" Demo)
0%
Meteora 20th Anniversary Edition (2023) Figure.09 - Demo 2002
0%
LPU Rarities (2020) Grr (1999 Demo)
0%
Meteora 20th Anniversary Edition (2023) Halo - Unreleased Demo 2002
0%
LPU Rarities (2020) Hurry (1999 Demo)
0%
LPU Rarities (2020) Oh No ("Points of Authority" Demo)
0%
Meteora 20th Anniversary Edition (2023) Ominous - Meteora Demo
0%
Meteora 20th Anniversary Edition (2023) Pepper - Meteora Demo
0%
Meteora 20th Anniversary Edition (2023) Pretty Birdy - Somewhere I Belong 2002 Demo
0%
Meteora 20th Anniversary Edition (2023) Program - Meteora Demo
0%
LPU Rarities (2020) Pts.Of.Arthrty (Crystal Method Remix)
0%
Meteora 20th Anniversary Edition (2023) Rhinocerous - 2002 Demo
0%
LPU Rarities (2020) Sad ("By Myself" Demo 1999)
0%
LPU Rarities (2020) Slip (1988 Unreleased Hybrid Theory Demo)
0%
Meteora 20th Anniversary Edition (2023) Soundtrack - Meteora Demo
0%
LPU Rarities (2020) Stick and Move ("Runaway" Demo 1998)
0%
Meteora 20th Anniversary Edition (2023) Unfortunate - Unreleased Demo 2002
0%
No matching quizzes found
Score Distribution
Percent of People with Each Score
Percentile by Number Answered
Your Score History
You have not taken this quiz